<?xml version="1.0" encoding="UTF-8"?>
<record
    xmlns:xsi="http://www.w3.org/2001/XMLSchema-instance"
    xsi:schemaLocation="http://www.loc.gov/MARC21/slim http://www.loc.gov/standards/marcxml/schema/MARC21slim.xsd"
    xmlns="http://www.loc.gov/MARC21/slim">

  <leader>02078cam a22003731i 4500</leader>
  <controlfield tag="003">SA-RiAUC</controlfield>
  <controlfield tag="005">20250716073207.0</controlfield>
  <controlfield tag="008">250716s2001    su a   g b   f00100 ara c</controlfield>
  <datafield tag="020" ind1=" " ind2=" ">
    <subfield code="a">9960001601</subfield>
  </datafield>
  <datafield tag="040" ind1=" " ind2=" ">
    <subfield code="a">SA-JeALM</subfield>
    <subfield code="b">ara</subfield>
    <subfield code="c">SA-RiAUC</subfield>
    <subfield code="e">rda</subfield>
  </datafield>
  <datafield tag="043" ind1=" " ind2=" ">
    <subfield code="a">a-su---</subfield>
  </datafield>
  <datafield tag="050" ind1=" " ind2="4">
    <subfield code="b">.H37 2001</subfield>
  </datafield>
  <datafield tag="082" ind1="0" ind2="4">
    <subfield code="a">253.902095311</subfield>
    <subfield code="q">SA-RiAUC</subfield>
  </datafield>
  <datafield tag="090" ind1=" " ind2=" ">
    <subfield code="a">253.902095311</subfield>
    <subfield code="b">&#x62D; &#x631; &#x628;</subfield>
  </datafield>
  <datafield tag="100" ind1="1" ind2=" ">
    <subfield code="a">&#x627;&#x644;&#x62D;&#x631;&#x628;&#x64A;&#x60C; &#x62F;&#x644;&#x627;&#x644; &#x645;&#x62D;&#x645;&#x62F; &#x633;&#x639;&#x62F;</subfield>
    <subfield code="e">&#x645;&#x624;&#x644;&#x641;.</subfield>
  </datafield>
  <datafield tag="245" ind1="1" ind2="0">
    <subfield code="a">&#x625;&#x633;&#x647;&#x627;&#x645; &#x627;&#x644;&#x645;&#x631;&#x623;&#x629; &#x641;&#x64A; &#x648;&#x642;&#x641; &#x627;&#x644;&#x643;&#x62A;&#x628; &#x641;&#x64A; &#x645;&#x646;&#x637;&#x642;&#x629; &#x646;&#x62C;&#x62F; &#x641;&#x64A; &#x627;&#x644;&#x642;&#x631;&#x646;&#x64A;&#x646; &#x627;&#x644;&#x62B;&#x627;&#x644;&#x62B; &#x639;&#x634;&#x631; &#x648;&#x627;&#x644;&#x631;&#x627;&#x628;&#x639; &#x639;&#x634;&#x631; &#x627;&#x644;&#x647;&#x62C;&#x631;&#x64A;&#x64A;&#x646; /</subfield>
    <subfield code="c"> &#x62F;&#x644;&#x627;&#x644; &#x628;&#x646;&#x62A; &#x645;&#x62E;&#x644;&#x62F; &#x627;&#x644;&#x62D;&#x631;&#x628;&#x64A;.</subfield>
  </datafield>
  <datafield tag="264" ind1=" " ind2="1">
    <subfield code="a">&#x627;&#x644;&#x631;&#x64A;&#x627;&#x636; :</subfield>
    <subfield code="b">&#x645;&#x643;&#x62A;&#x628;&#x629; &#x627;&#x644;&#x645;&#x644;&#x643; &#x641;&#x647;&#x62F; &#x627;&#x644;&#x648;&#x637;&#x646;&#x64A;&#x629;&#x60C;</subfield>
    <subfield code="c">2001</subfield>
  </datafield>
  <datafield tag="300" ind1=" " ind2=" ">
    <subfield code="a">121 &#x635;&#x641;&#x62D;&#x629; :</subfield>
    <subfield code="b">&#x625;&#x64A;&#x636;&#x627;&#x62D;&#x64A;&#x627;&#x62A; &#x61B;</subfield>
    <subfield code="c">24 &#x633;&#x645;.</subfield>
  </datafield>
  <datafield tag="336" ind1=" " ind2=" ">
    <subfield code="a">&#x646;&#x635;</subfield>
    <subfield code="b">txt</subfield>
    <subfield code="2">rdacontent</subfield>
    <subfield code="3">&#x643;&#x62A;&#x627;&#x628;</subfield>
  </datafield>
  <datafield tag="337" ind1=" " ind2=" ">
    <subfield code="a">&#x628;&#x62F;&#x648;&#x646; &#x648;&#x633;&#x64A;&#x637;</subfield>
    <subfield code="b">n</subfield>
    <subfield code="2">rdamedia</subfield>
  </datafield>
  <datafield tag="338" ind1=" " ind2=" ">
    <subfield code="a">&#x645;&#x62C;&#x644;&#x62F;</subfield>
    <subfield code="b">nc</subfield>
    <subfield code="2">rdacarrier</subfield>
  </datafield>
  <datafield tag="490" ind1="1" ind2=" ">
    <subfield code="a">&#x645;&#x637;&#x628;&#x648;&#x639;&#x627;&#x62A; &#x645;&#x643;&#x62A;&#x628;&#x629; &#x627;&#x644;&#x645;&#x644;&#x643; &#x641;&#x647;&#x62F; &#x627;&#x644;&#x648;&#x637;&#x646;&#x64A;&#x629; &#x61B;</subfield>
    <subfield code="v">&#x627;&#x644;&#x633;&#x644;&#x633;&#x644;&#x629; &#x627;&#x644;&#x62B;&#x627;&#x646;&#x64A;&#x629; &#x61B;</subfield>
    <subfield code="v">36</subfield>
  </datafield>
  <datafield tag="500" ind1=" " ind2=" ">
    <subfield code="a">&#x643;&#x634;&#x627;&#x641; : &#x635;&#x641;&#x62D;&#x629; 111-121.</subfield>
  </datafield>
  <datafield tag="500" ind1=" " ind2=" ">
    <subfield code="a">&#x64A;&#x634;&#x62A;&#x645;&#x644; &#x639;&#x644;&#x649; &#x643;&#x634;&#x627;&#x641;&#x627;&#x62A;.</subfield>
  </datafield>
  <datafield tag="504" ind1=" " ind2=" ">
    <subfield code="a">&#x64A;&#x634;&#x62A;&#x645;&#x644; &#x639;&#x644;&#x649; &#x628;&#x628;&#x644;&#x64A;&#x648;&#x62C;&#x631;&#x627;&#x641;&#x64A;&#x627;&#x62A;.</subfield>
  </datafield>
  <datafield tag="520" ind1=" " ind2=" ">
    <subfield code="a">&#x64A;&#x62A;&#x646;&#x627;&#x648;&#x644; &#x647;&#x630;&#x627; &#x627;&#x644;&#x643;&#x62A;&#x627;&#x628; &#x638;&#x627;&#x647;&#x631;&#x629; &#x627;&#x644;&#x631;&#x623;&#x64A; &#x627;&#x644;&#x639;&#x627;&#x645; &#x627;&#x644;&#x62A;&#x64A; &#x62A;&#x646;&#x62D;&#x648; &#x644;&#x62A;&#x643;&#x648;&#x646; &#x642;&#x648;&#x629; &#x628;&#x644; &#x633;&#x644;&#x637;&#x629; &#x645;&#x647;&#x627;&#x628;&#x629; &#x648;&#x645;&#x624;&#x62B;&#x631;&#x629; &#x641;&#x64A; &#x627;&#x643;&#x62B;&#x631; &#x645;&#x646; &#x645;&#x648;&#x642;&#x639; &#x648;&#x641;&#x64A; &#x627;&#x643;&#x62B;&#x631; &#x645;&#x646; &#x642;&#x636;&#x64A;&#x629; &#x645;&#x646; &#x642;&#x636;&#x627;&#x64A;&#x627; &#x639;&#x627;&#x644;&#x645;&#x646;&#x627; &#x627;&#x644;&#x645;&#x639;&#x627;&#x635;&#x631; &#x639;&#x627;&#x644;&#x645; &#x627;&#x644;&#x639;&#x648;&#x644;&#x645;&#x629; &#x648;&#x627;&#x644;&#x642;&#x631;&#x64A;&#x629; &#x627;&#x644;&#x643;&#x648;&#x646;&#x64A;&#x629;.</subfield>
  </datafield>
  <datafield tag="650" ind1=" " ind2="7">
    <subfield code="a">&#x627;&#x644;&#x645;&#x631;&#x623;&#x629; &#x641;&#x64A; &#x627;&#x644;&#x62D;&#x64A;&#x627;&#x629; &#x627;&#x644;&#x639;&#x627;&#x645;&#x629;</subfield>
    <subfield code="z">&#x627;&#x644;&#x633;&#x639;&#x648;&#x62F;&#x64A;&#x629;</subfield>
    <subfield code="z">&#x646;&#x62C;&#x62F;</subfield>
    <subfield code="y">&#x642;&#x631;&#x648;&#x646; 13-14 &#x647;&#x62C;&#x631;&#x64A;</subfield>
    <subfield code="2">aucsh</subfield>
  </datafield>
  <datafield tag="650" ind1=" " ind2="7">
    <subfield code="a">&#x627;&#x644;&#x648;&#x642;&#x641;</subfield>
    <subfield code="z">&#x627;&#x644;&#x633;&#x639;&#x648;&#x62F;&#x64A;&#x629;</subfield>
    <subfield code="z">&#x646;&#x62C;&#x62F;</subfield>
    <subfield code="y">&#x642;&#x631;&#x648;&#x646; 13-14 &#x647;&#x62C;&#x631;&#x64A;</subfield>
    <subfield code="2">aucsh</subfield>
  </datafield>
  <datafield tag="650" ind1=" " ind2="7">
    <subfield code="a">&#x627;&#x644;&#x643;&#x62A;&#x628;</subfield>
    <subfield code="z">&#x627;&#x644;&#x633;&#x639;&#x648;&#x62F;&#x64A;&#x629;</subfield>
    <subfield code="z">&#x646;&#x62C;&#x62F;</subfield>
    <subfield code="y">&#x642;&#x631;&#x648;&#x646; 13-14 &#x647;&#x62C;&#x631;&#x64A;</subfield>
    <subfield code="2">aucsh</subfield>
  </datafield>
  <datafield tag="650" ind1=" " ind2="7">
    <subfield code="a">&#x627;&#x644;&#x645;&#x631;&#x623;&#x629;</subfield>
    <subfield code="z">&#x627;&#x644;&#x633;&#x639;&#x648;&#x62F;&#x64A;&#x629;</subfield>
    <subfield code="z">&#x646;&#x62C;&#x62F;</subfield>
    <subfield code="y">&#x642;&#x631;&#x648;&#x646; 13-14 &#x647;&#x62C;&#x631;&#x64A;</subfield>
    <subfield code="2">aucsh</subfield>
  </datafield>
  <datafield tag="830" ind1=" " ind2="0">
    <subfield code="a">&#x645;&#x637;&#x628;&#x648;&#x639;&#x627;&#x62A; &#x645;&#x643;&#x62A;&#x628;&#x629; &#x627;&#x644;&#x645;&#x644;&#x643; &#x641;&#x647;&#x62F; &#x627;&#x644;&#x648;&#x637;&#x646;&#x64A;&#x629;.</subfield>
    <subfield code="n">&#x627;&#x644;&#x633;&#x644;&#x633;&#x644;&#x629; &#x627;&#x644;&#x62B;&#x627;&#x646;&#x64A;&#x629;</subfield>
    <subfield code="v">36</subfield>
  </datafield>
  <datafield tag="942" ind1=" " ind2=" ">
    <subfield code="2">ddc</subfield>
    <subfield code="c">BOOK</subfield>
    <subfield code="n">0</subfield>
  </datafield>
  <datafield tag="949" ind1=" " ind2=" ">
    <subfield code="a">SA-JeALM</subfield>
    <subfield code="d">250716</subfield>
    <subfield code="u">mohamedma123</subfield>
    <subfield code="n">1</subfield>
  </datafield>
  <datafield tag="952" ind1=" " ind2=" ">
    <subfield code="0">0</subfield>
    <subfield code="1">0</subfield>
    <subfield code="2">ddc</subfield>
    <subfield code="4">0</subfield>
    <subfield code="7">0</subfield>
    <subfield code="a">WAHAB</subfield>
    <subfield code="b">WAHAB</subfield>
    <subfield code="d">2025-07-16</subfield>
    <subfield code="l">0</subfield>
    <subfield code="o">253.902095311  &#x62D; &#x631; &#x628;</subfield>
    <subfield code="p">000016196</subfield>
    <subfield code="r">2025-07-16 07:32:30</subfield>
    <subfield code="w">2025-07-16</subfield>
    <subfield code="y">BOOK</subfield>
  </datafield>
  <datafield tag="952" ind1=" " ind2=" ">
    <subfield code="0">0</subfield>
    <subfield code="1">0</subfield>
    <subfield code="2">ddc</subfield>
    <subfield code="4">0</subfield>
    <subfield code="7">0</subfield>
    <subfield code="a">WAHAB</subfield>
    <subfield code="b">WAHAB</subfield>
    <subfield code="d">2025-08-19</subfield>
    <subfield code="l">0</subfield>
    <subfield code="o">253.902095311 &#x62D; &#x631; &#x628;</subfield>
    <subfield code="p">000017671</subfield>
    <subfield code="r">2025-08-19 04:42:13</subfield>
    <subfield code="w">2025-08-19</subfield>
    <subfield code="y">BOOK</subfield>
  </datafield>
  <datafield tag="999" ind1=" " ind2=" ">
    <subfield code="c">10000</subfield>
    <subfield code="d">10000</subfield>
  </datafield>
</record>
